| 000 | 02834nam0a2200397 4500 | ||
|---|---|---|---|
| 001 | RU\NLR\BIBL_A\012102041 | ||
| 005 | 20191008125449.0 | ||
| 010 |
_a978-5-209-09499-9 _9100 |
||
| 021 |
_aRU _bКН-П-19-061830 _9КН-П-19-4421 |
||
| 035 | _a(NLR Aleph) 012102041 | ||
| 035 | _a(RuMoRGB)010074485 | ||
| 090 |
_a11911345 _c11911345 |
||
| 100 | _a20190926d2018 u y0rusy50 ca | ||
| 101 | 0 |
_arus _deng |
|
| 102 | _aRU | ||
| 105 | _ay j 000zy | ||
| 200 | 1 |
_aПрофилактика хронических неинфекционных заболеваний на уровне семьи _dPrevention of chronic noncommunicable disease at the family level _eучебно-методическое пособие _eдля руководителей медицинских организаций ПМСП и главных (старших) медицинских сестер системы НМО, ординаторов и аспирантов медицинских университетов _fД. И. Кича, А. С. Макарян, О. В. Рукодайный _gФедеральное государственное автономное образовательное учреждение высшего образования "Российский университет дружбы народов" _zeng |
|
| 210 |
_aМосква _cРоссийский университет дружбы народов _d2018 |
||
| 215 |
_a82 с. _cтабл. _d20 |
||
| 300 | _aВ вып. дан. и на обороте тит. л. в макете авт.: Д. И. Кича, А. С. Макарян, О. В. Рукодайный, Л. В. Максименко | ||
| 300 | _aАвт. также на англ. яз.: D. I. Kicha, A. S. Makaryan, O. V. Rukodainiy | ||
| 300 | _aРез. англ. | ||
| 320 | _aСписок работ, опубликованных по теме семьи Д. И. Кича (1996): с. 64-67 (49 назв.) | ||
| 510 | 1 |
_6z37790 _aPrevention of chronic noncommunicable disease at the family level _zeng |
|
| 606 | 1 |
_aХронические болезни _xПрофилактика _jУчебно-методические пособия _2nlr_sh1 _2nlr_sh2 _3RU\NLR\AUTH\661158343 |
|
| 606 | 1 |
_aСемейная медицина _jУчебно-методические пособия _2nlr_sh1 _2nlr_sh2 _3RU\NLR\AUTH\66725805 |
|
| 686 | 1 | _aР11(0)2я7 | |
| 700 | 1 |
_aКича _bД. И. _gДмитрий Иванович _3RU\NLR\AUTH\770178574 |
|
| 701 | 1 |
_aМакарян _bА. С. _gАртак Сейранович |
|
| 701 | 1 |
_aРукодайный _bО. В. _gОлег Владимирович |
|
| 790 | 1 |
_6z37510 _aKiča _bD. I. _gDmitrij Ivanovič _3RU\NLR\AUTH\770178572 |
|
| 942 | _cBOOK | ||
| 980 | _aNBR | ||
| 980 | _aNB | ||